000 00335 a2200157 4500
001 177854
020 _a
040 _cMagnum
100 _aGarcia, Hélio Carlos
240 1 0 _aGeografia do brasil
_lpor
245 1 0 _aGeografia do brasil
362 0 _a1899
440 1 _aScipione
697 _aMAGNITO: PARADIDATICO
942 _cBK
999 _c177854
_d177854